The Tab Book of Arduino Projects : 36 Things to Make with Shields and Proto Shields /
Saved in:
| Main Author: | |
|---|---|
| Format: | Book |
| Language: | English |
| Published: |
New York :
McGraw-Hill Education,
2015
|
| Tags: |
No Tags, Be the first to tag this record!
|
MARC
| LEADER | 00000nam a22000003a 4500 | ||
|---|---|---|---|
| 001 | 0019313 | ||
| 003 | SK-STU | ||
| 005 | 20161202084606.2 | ||
| 007 | ta | ||
| 008 | 161202s ----xo-----e------000-0-----d | ||
| 020 | |a 978-0-07-179067-3 | ||
| 040 | |a STU |b slo | ||
| 041 | 0 | |a eng | |
| 044 | |a xxu | ||
| 080 | |a 621.38 | ||
| 100 | 1 | |a Monk, Simon |4 aut |r Z6 | |
| 245 | 1 | 0 | |a The Tab Book of Arduino Projects : |b 36 Things to Make with Shields and Proto Shields / |c aut. Simon Monk |
| 260 | |a New York : |b McGraw-Hill Education, |c 2015 | ||
| 300 | |a 361 s. | ||
| 996 | |b 284EK89763 |c E* 89763 |l EE34 |s P |a 0 |w 0019313_0001 | ||